00177nam a2200073Ia 4500008004100000082000800041100001300049245004100062240331s9999 xx 000 0 und d bPEN aWERC. ed 0aPenkalukkana chaddaviyal vilakkam II